• 首页
  • 本馆介绍
  • 公告通知
  • 最新文献
  • 馆藏检索
  • 电子资源
  • 读者导购
  • 参考咨询
  • 我的图书馆
  • 登录
  • 详细信息显示
  • 放入我的书架
  • 预约/预借图书
  • 作者相关作品
  • 分类相关作品
  • 丛书相关作品
  • 出版社相关作品

书目信息

  • 表格格式
  • 工作单格式
  • 卡片格式
题名:
公共经济学
    
 
作者: 唐任伍 主编
分册:  
出版信息: 北京   北京师范大学出版社  2009
页数: 10,224页
开本: 23cm
丛书名:
单 册:
中图分类: F062.6
科图分类:
主题词: 公共经济学--高等学校--教材 , 公共经济学
电子资源:
ISBN: 978-7-303-09830-9
000 00919nam0 2200265 45
001 1029866105
005 20100428144350.03
010    @a978-7-303-09830-9@dCNY25.00
100    @a20100420d2009 em y0chiy50 ea
101 0  @achi
102    @aCN@b110000
105    @ay z 000yy
106    @ar
200 1  @a公共经济学@AGong Gong Jing Ji Xue@dPublic economics@f唐任伍主编@FTang Ren Wu Zhu Bian@zeng
210    @a北京@c北京师范大学出版社@d2009
215    @a10,224页@d23cm
300    @a新世纪高等学校教材公共管理核心课系列教材
330    @a本书共十二章,主要包括:绪论;市场效率与“看不见的手”;市场失灵与“看得见的手”;市场势力理论;信息不对称理论;外部效应理论等内容。
510 1  @aPublic economics@zeng
606 0  @a公共经济学@x高等学校@j教材
606 0  @a公共经济学
690    @aF062.6@v4
701  0 @a唐任伍@ATang Ren Wu@4主编
801  0 @aCN@bTANGWEI@c20100428
905    @b0593352-56@dF062.6@e101@f5
    
    公共经济学=Public economics/唐任伍主编.-北京:北京师范大学出版社,2009
    10,224页;23cm
    新世纪高等学校教材公共管理核心课系列教材
    
    ISBN 978-7-303-09830-9:CNY25.00
    本书共十二章,主要包括:绪论;市场效率与“看不见的手”;市场失灵与“看得见的手”;市场势力理论;信息不对称理论;外部效应理论等内容。
●
相关链接 在E读中查询图书 在五车中查询图书 在当当中查询图书 在豆瓣中查询图书


正题名:公共经济学     索取号:F062.6/101         预约/预借

序号 登录号 条形码 馆藏地/架位号 状态 备注
1 0593352   205933524   第一样本阅览室/ [索取号:F062.6/101] 在馆    
2 0593353   205933533   第一借阅区/ [索取号:F062.6/101] 在馆    
3 0593354   205933542   第一借阅区/ [索取号:F062.6/101] 在馆    
4 0593355   205933551   第一借阅区/ [索取号:F062.6/101] 在馆    
5 0593356   205933560   第一借阅区/ [索取号:F062.6/101] 在馆    
唐山师范学院图书馆 欢迎您!
大连网信软件有限公司© 版权所有